Nauka o varhanách pro druhý a třetí ročník konzervatoří /

Hlavní autor: Bělský, Vratislav, 1924-2003
Jazyk: Čeština
Vydáno: Praha : Supraphon, 1988
Vydání: 3. vyd.
Témata:
Fyzický popis: 174 s.
Knihy
Uloženo v:
LEADER 00915nam a22002652a 4500
001 000049515
003 CZ BrMZK
005 20061129084925.0
007 ta
008 951201s1988 xr f cze d
040 |a BOA001  |b cze 
080 9 |a 372.868.181.661 
080 9 |a 681.816.61 
100 1 |a Bělský, Vratislav,  |d 1924-2003  |7 js20030721005  |4 aut 
245 1 0 |a Nauka o varhanách pro druhý a třetí ročník konzervatoří /  |c Vratislav Bělský 
250 |a 3. vyd. 
260 |a Praha :  |b Supraphon,  |c 1988 
300 |a 174 s. 
504 |a Obsahuje bibliografii 
910 |a BOA001  |b PK-0108.134  |b 2-0930.898 
920 |a 000094559 
964 |a Varhany - učebnice - školy střední 
990 |a BK 
996 7 |b 2619983454  |c 2-0930.898  |l MZK  |r Sklad / do 1 hodiny  |n 8  |w 000049515  |u 000020  |a 1  |e BOA001  |j MZK50  |s A 
996 7 |b 3119980083  |c PK-0108.134  |l MZK  |r Sklad / do 1 hodiny  |n 3  |w 000049515  |u 000010  |a 1  |e BOA001  |j MZK50  |s A